Loading...

Koritharicha Nal/

Bibliographic Details
Main Author: Rajeevan T P
Format: Printed Book
Published: Thrissur: Current Books, 2005.
Subjects:
LEADER 00526nam a22001697a 4500
999 |c 145486  |d 145486 
020 |a 9788122604054 
082 |a M1  |b RAJ/K 
100 |a Rajeevan T P 
245 |a Koritharicha Nal/  |c by Rajeevan T P 
260 |a Thrissur:  |b Current Books,  |c 2005. 
300 |a 88p. 
650 |a Poetry Malayalam 
650 |a Literature Malayalam 
650 |a Literature 
942 |c BK 
952 |0 0  |1 0  |4 0  |6 M_1_000000000000000_RAJ_K  |7 0  |9 103964  |a SSUS  |b SSUS  |c STACKS  |d 2020-11-04  |g 45.00  |o M1 RAJ/K  |p 100845  |r 2020-11-04  |w 2020-11-04  |y BK